| 000 | 00402nam a22001457a 4500 | ||
|---|---|---|---|
| 005 | 20260416133946.0 | ||
| 008 | 260416b |||||||| |||| 00| 0 eng d | ||
| 020 | _a9789352692101 | ||
| 050 |
_aJF1525.C66 _b.W33 |
||
| 100 | _aWADEKAR, ASHOK G. | ||
| 245 | _aPUBLIC ADMINISTRATION AND INFORMATION TECHNOLOGY | ||
| 260 |
_aNEW-DELHI _bRANDOM PUBLICATIONS _c2019 |
||
| 300 |
_aVIII, 306p. _bill |
||
| 942 | _cBK | ||
| 999 |
_c4653 _d4653 |
||